000 00590nam a2200181Ia 4500
008 240729s9999 xx 000 0 und d
022 _a2588-3658
245 0 _aStudies of Architecture, Urbanism and Environmental Science
260 _aIran, Islamic Republic of
260 _bHakim Sabzevari University
650 _a Communities. Classes. Races
650 _a Urban groups. The city. Urban sociology
650 _a Urbanization. City and country
650 _aSocial Sciences
856 _uhttps://doaj.org/toc/2c338314356b425bb61a6ecbd61347a1
942 _2ddc
942 _cDOAJEJ
999 _c70902
_d70902
945 _a1
_bMadushi Gamage
_c1
_dMadushi Gamage